|
|
|
|
| LEADER |
00781nam a2200277 4500 |
| 001 |
DLU090080549 |
| 005 |
##20090619 |
| 040 |
# |
# |
|a DLU
|b vie
|
| 041 |
# |
# |
|a vie
|
| 044 |
# |
# |
|a vn
|
| 100 |
# |
# |
|a Lương Khải Hoàn,
|c ThS.
|
| 245 |
# |
# |
|a Lễ hội Hang bua /
|c Lương Khải Hoàn.
|
| 653 |
# |
# |
|a Di sản văn hoá phi vật thể
|
| 653 |
# |
# |
|a Lễ hội cổ truyền
|
| 653 |
# |
# |
|a Nghệ An
|
| 653 |
# |
# |
|a Phong tục
|
| 773 |
# |
# |
|t Văn hoá Nghệ thuật
|g Số 5(191s), 2000, tr. 39-41
|
| 920 |
# |
# |
|a Phòng Tạp chí -- Trung tâm Thông tin - Thư viện Trường Đại học Đà Lạt
|
| 994 |
# |
# |
|a DLU
|
| 900 |
# |
# |
|a True
|
| 911 |
# |
# |
|a Đào Thị Thu Huyền
|
| 925 |
# |
# |
|a G
|
| 926 |
# |
# |
|a A
|
| 927 |
# |
# |
|a BB
|
| 980 |
# |
# |
|a Thư viện Trường Đại học Đà Lạt
|